000 00479nam a22001697u 4500
008 130405s2005 xxu||||| |||| 00| 0 spa d
020 _a8482601628
041 _aspa
100 1 _aBeuchot, Mauricio
_c(O.P.)
_d(1950-)
_91516
245 0 0 _aEn el camino de la hermenéutica analógica
_cMauricio Beuchot Puente
260 _aSalamanca:
_bSan Esteban,
_c2005
300 _a196 p.
_c;20 cm.
490 0 _aAletheia
_v41
650 0 4 _aMetafísica
_913351
942 _cBK
001 75244
999 _c267490
_d267490